[Event "59581 I. Budapest Open"]
[Site "Budapest, Hungary"]
[Date "2011.08.26"]
[Round "7.13"]
[White "Falucskai, Istvan Roland"]
[Black "Yip, Michael"]
[Result "0-1"]
[WhiteElo "1715"]
[BlackElo "1982"]
[PlyCount "122"]
[EventDate "2011.??.??"]
 
1. e4 e6 2. d4 d5 3. e5 c5 4. c3 Nc6 5. Nf3 Bd7 6. Be2 f6 7. Bf4 Qc7 8. Qd3
cxd4 9. cxd4 Nb4 10. Qd2 Nc2+ 11. Kf1 f5 12. Nc3 Nxa1 13. g3 Bb4 14. Kg2 Bxc3
15. bxc3 Rc8 16. Rc1 Ne7 17. Qb2 O-O 18. Qxa1 b5 19. Qb2 Rb8 20. Nd2 Ng6 21.
Nb3 Bc6 22. Bd2 Nh8 23. Nc5 Qe7 24. f4 h6 25. Rf1 Kh7 26. Qc2 g6 27. Bc1 Rg8
28. h4 Nf7 29. Rh1 Kg7 30. Ba3 Qe8 31. Bb4 Rh8 32. g4 Nd8 33. Kg3 Bd7 34. Rg1
Kh7 35. Kh3 Nc6 36. Bd3 a5 37. Ba3 b4 38. Bb2 Ne7 39. c4 Rf8 40. Qg2 Rg8 41.
Qc2 Rc8 42. a3 Rxc5 43. dxc5 Bc6 44. g5 h5 45. axb4 axb4 46. Qb3 Qb8 47. Rb1
Qb7 48. Bd4 Rb8 49. Kg3 Kg7 50. Be3 Kf7 51. Bd2 Qd7 52. Bxb4 dxc4 53. Bxc4 Be4
54. Rb2 Qd4 55. Bxe6+ Kg7 56. Qc3 Qg1+ 57. Kh3 Qg4+ 58. Kh2 Qxf4+ 59. Qg3 Qc1
60. Qf2 f4 61. Ba3 Qh1# 0-1

[Event "59581 I. Budapest Open"]
[Site "Budapest, Hungary"]
[Date "2011.08.26"]
[Round "7.14"]
[White "Sarkozi, Ferenc"]
[Black "Mihaly, Zoltan"]
[Result "0-1"]
[WhiteElo "1939"]
[BlackElo "1745"]
[PlyCount "112"]
[EventDate "2011.??.??"]
 
1. d4 d5 2. Nf3 g6 3. c3 Bg7 4. Bf4 Nf6 5. h3 O-O 6. e3 Nbd7 7. Be2 c5 8. O-O
c4 9. Nbd2 b5 10. Ne5 Qb6 11. Bf3 Bb7 12. Qe2 Rfe8 13. e4 dxe4 14. Nxe4 Rad8
15. Nxd7 Nxd7 16. Be3 Qc7 17. Nc5 Nxc5 18. dxc5 Bxf3 19. Qxf3 Rd3 20. Qe4 e6
21. a4 f5 22. Qh4 a6 23. axb5 axb5 24. Bh6 Qxc5 25. Bxg7 Kxg7 26. Ra5 Rd7 27.
Rfa1 h6 28. Ra8 Rxa8 29. Rxa8 Qc7 30. Ra1 Rd2 31. g4 g5 32. Qh5 Qf7 33. Qxf7+
Kxf7 34. gxf5 Rxb2 35. fxe6+ Kxe6 36. Re1+ Kf5 37. Kg2 Rc2 38. Re3 Rd2 39. Kf1
Kf4 40. Re6 Rd3 41. Rb6 Rxc3 42. Rxb5 Rxh3 43. Kg2 Rd3 44. Rc5 c3 45. Rc4+ Ke5
46. Rc8 Kd4 47. Kf1 Rd2 48. Ke1 Kd3 49. Rd8+ Kc2 50. Rb8 Rd4 51. Rb7 Re4+ 52.
Kf1 Kd3 53. Rc7 c2 54. f3 Rc4 55. Rd7+ Ke3 56. Re7+ Kd2 0-1

[Event "59581 I. Budapest Open"]
[Site "Budapest, Hungary"]
[Date "2011.08.26"]
[Round "7.15"]
[White "Pammer-Zagroczky, Gabor"]
[Black "Nebenfuhrer, Gyorgy"]
[Result "1-0"]
[WhiteElo "1937"]
[BlackElo "1605"]
[PlyCount "41"]
[EventDate "2011.??.??"]
 
1. e4 e5 2. Nf3 Nc6 3. Bb5 d6 4. d4 Bd7 5. Nc3 a6 6. Bxc6 bxc6 7. dxe5 Bg4 8.
exd6 Bxd6 9. h3 Be6 10. Qd4 f6 11. O-O c5 12. Qa4+ Qd7 13. e5 fxe5 14. Qxd7+
Kxd7 15. Re1 Bf5 16. Nxe5+ Bxe5 17. Rxe5 Bxc2 18. Rxc5 Nf6 19. Bf4 c6 20. Rc1
Bg6 21. Rd1+ 1-0

[Event "59581 I. Budapest Open"]
[Site "Budapest, Hungary"]
[Date "2011.08.26"]
[Round "7.16"]
[White "Lakat, Gyula"]
[Black "Toth, Antal"]
[Result "1-0"]
[WhiteElo "1859"]
[BlackElo "1668"]
[PlyCount "115"]
[EventDate "2011.??.??"]
 
1. e4 c5 2. Nf3 e6 3. d4 cxd4 4. Nxd4 Nf6 5. f3 a6 6. Be3 Qc7 7. Be2 Be7 8. Nc3
b5 9. a3 Bb7 10. Qd2 Nc6 11. O-O O-O 12. Nxc6 Bxc6 13. Bf4 d6 14. Rad1 Rad8 15.
Kh1 Rd7 16. Bd3 Rfd8 17. Qf2 Qb7 18. Ne2 e5 19. Bg3 Nh5 20. h3 Nxg3+ 21. Qxg3
Bf6 22. Nc3 g6 23. h4 h5 24. Rde1 b4 25. axb4 Qxb4 26. Rb1 a5 27. Nd5 Bxd5 28.
exd5 Qxh4+ 29. Qxh4 Bxh4 30. Kh2 Bg5 31. Bb5 Ra7 32. Ra1 Rc8 33. Bc6 Rcc7 34.
Ra4 Ra6 35. g3 Rcxc6 36. dxc6 Rxc6 37. c3 Rc5 38. Rd1 d5 39. f4 Bf6 40. fxe5
Bxe5 41. Rda1 Rb5 42. R1a2 Kf8 43. Rxa5 Rxa5 44. Rxa5 h4 45. Rxd5 hxg3+ 46. Kg2
f6 47. Rd7 Ke8 48. Rb7 g5 49. c4 Kd8 50. b4 Kc8 51. Rf7 Kb8 52. c5 Kc8 53. b5
Kd8 54. b6 Kc8 55. c6 Kd8 56. c7+ Bxc7 57. Rxc7 f5 58. Kxg3 1-0

[Event "59581 I. Budapest Open"]
[Site "Budapest, Hungary"]
[Date "2011.08.26"]
[Round "7.17"]
[White "Krstulovic, Alex"]
[Black "Bodrogi, Laszlo"]
[Result "1-0"]
[WhiteElo "1597"]
[BlackElo "2035"]
[PlyCount "121"]
[EventDate "2011.??.??"]
 
1. d4 Nf6 2. c4 e6 3. Nf3 b6 4. g3 Bb7 5. Bg2 Be7 6. O-O O-O 7. Nc3 Ne4 8. Qc2
Nxc3 9. Qxc3 d6 10. Bf4 Nd7 11. Rfd1 Nf6 12. Rac1 a5 13. a3 a4 14. Nd2 Bxg2 15.
Kxg2 Nd7 16. e4 f5 17. Be3 Qe8 18. Qd3 Qf7 19. exf5 exf5 20. Nf3 Qh5 21. Re1
Bf6 22. Re2 Qg4 23. h3 Qe4 24. Qxe4 fxe4 25. Ng5 Rae8 26. h4 Nb8 27. d5 Nd7 28.
Ne6 Rxe6 29. dxe6 Ne5 30. Bg5 Nd3 31. Rcc2 Bxg5 32. hxg5 Nc5 33. Re3 Rf5 34. f3
exf3+ 35. Rxf3 Rxf3 36. Kxf3 Nxe6 37. Kg4 Kf7 38. Rf2+ Ke7 39. Rh2 Nf8 40. Re2+
Kd7 41. Kf5 Ng6 42. Ke4 Ne5 43. Kd4 Ke6 44. g4 c5+ 45. Kc3 Kf7 46. Rd2 Ke6 47.
Rh2 Kf7 48. Rxh7 Kg8 49. Rh1 Nxg4 50. Rd1 Nf2 51. Rd5 g6 52. Kc2 Kf7 53. Rxd6
Ne4 54. Rxb6 Nxg5 55. Ra6 Ne6 56. Rxa4 g5 57. Kd2 Kf6 58. b4 Ke5 59. Ra8 Kd4
60. b5 Kxc4 61. b6 1-0

[Event "59581 I. Budapest Open"]
[Site "Budapest, Hungary"]
[Date "2011.08.26"]
[Round "7.19"]
[White "Vinnay, Istvan"]
[Black "Schatzer, Andras"]
[Result "1/2-1/2"]
[WhiteElo "1720"]
[BlackElo "1798"]
[PlyCount "63"]
[EventDate "2011.??.??"]
 
1. c4 e5 2. Nc3 c5 3. g3 Nf6 4. Bg2 Nc6 5. d3 Be7 6. Nf3 d6 7. O-O O-O 8. Bd2
Be6 9. Rc1 Qd7 10. a3 Bh3 11. Qa4 Bxg2 12. Kxg2 d5 13. cxd5 Nxd5 14. Qc4 Nf6
15. Ne4 Nxe4 16. Qxe4 f5 17. Qc4+ Kh8 18. Bc3 Bd6 19. b4 cxb4 20. axb4 Rac8 21.
Qb3 e4 22. dxe4 fxe4 23. Nd4 Nxd4 24. Bxd4 Bxg3 25. Bxg7+ Qxg7 26. hxg3 Qd4 27.
e3 Qf6 28. Rxc8 Qf3+ 29. Kg1 Rxc8 30. Qe6 Rf8 31. Qe5+ Kg8 32. Qg5+ 1/2-1/2

[Event "59581 I. Budapest Open"]
[Site "Budapest, Hungary"]
[Date "2011.08.26"]
[Round "7.20"]
[White "Bartuszek, Andras"]
[Black "Kokeny, Norbert Adrian"]
[Result "1-0"]
[WhiteElo "1883"]
[BlackElo "1574"]
[PlyCount "37"]
[EventDate "2011.??.??"]
 
1. e4 e6 2. d4 d5 3. Nd2 Be7 4. c3 Nf6 5. e5 Nfd7 6. Bd3 c5 7. Ne2 Nc6 8. O-O
O-O 9. f4 a6 10. Kh1 b5 11. f5 Bb7 12. Ng3 Qb6 13. f6 gxf6 14. Bxh7+ Kxh7 15.
Qh5+ Kg8 16. Nf5 exf5 17. Rf3 Ndxe5 18. Rh3 Nf3 19. Qh7# 1-0

[Event "59581 I. Budapest Open"]
[Site "Budapest, Hungary"]
[Date "2011.08.26"]
[Round "7.21"]
[White "Matos, Balint"]
[Black "Lajtos, Levente"]
[Result "0-1"]
[WhiteElo "1628"]
[BlackElo "1704"]
[PlyCount "98"]
[EventDate "2011.??.??"]
 
1. e4 c5 2. Nf3 d6 3. d4 cxd4 4. Nxd4 Nf6 5. Nc3 g6 6. Be2 Bg7 7. Be3 O-O 8.
Qd2 Nc6 9. f3 Bd7 10. O-O-O Rc8 11. g4 Qa5 12. Kb1 Ne5 13. h4 h5 14. gxh5 Nxh5
15. Rhg1 Nc4 16. Bxc4 Rxc4 17. Rg5 Qd8 18. Rdg1 Kh7 19. Rxh5+ gxh5 20. Rxg7+
Kxg7 21. Bh6+ Kh7 22. Bxf8 Qxf8 23. Nb3 Qg7 24. a3 Qg1+ 25. Ka2 Be6 26. Nd5 Qg7
27. Nf4 Qe5 28. Nxe6 Qxe6 29. Qd3 a5 30. Kb1 a4 31. Nd4 Qc8 32. e5+ Kg8 33.
exd6 exd6 34. Nf5 Qe6 35. Nd4 Qe1+ 36. Ka2 d5 37. Nf5 Qe5 38. c3 Rf4 39. Nd4
Rxh4 40. Qb5 Rh1 41. Qxa4 h4 42. Qa8+ Kg7 43. Qxb7 h3 44. f4 Qe4 45. Qd7 h2 46.
Qg4+ Qg6 47. Qh3 Ra1+ 48. Kxa1 Qg1+ 49. Ka2 h1=Q 0-1

[Event "59581 I. Budapest Open"]
[Site "Budapest, Hungary"]
[Date "2011.08.26"]
[Round "7.22"]
[White "Pollak, Andras"]
[Black "Moharos, Viktor"]
[Result "1-0"]
[WhiteElo "1700"]
[BlackElo "1523"]
[PlyCount "99"]
[EventDate "2011.??.??"]
 
1. d4 e6 2. Nf3 c5 3. c3 Ne7 4. Bf4 d6 5. e3 Ng6 6. Bg3 Be7 7. Bd3 Nd7 8. h3 f5
9. Qc2 O-O 10. Nbd2 Nf6 11. O-O-O Nd5 12. c4 Nb4 13. Qb1 Nxd3+ 14. Qxd3 Qa5 15.
a3 a6 16. h4 Bd7 17. h5 Nh8 18. d5 e5 19. Nh4 e4 20. Qb3 b5 21. f3 Nf7 22. fxe4
Ng5 23. e5 bxc4 24. Qxc4 dxe5 25. Bxe5 Qb6 26. Nhf3 Nf7 27. Bc3 Bb5 28. Qf4 Qd8
29. h6 g5 30. Qxf5 Bd7 31. Qd3 c4 32. Qd4 Ne5 33. Nxe5 Bf6 34. Qxc4 Rc8 35. Nc6
Qe8 36. Bxf6 Rxf6 37. Qd4 Qf8 38. Kb1 Bxc6 39. dxc6 Rcxc6 40. Qd5+ Kh8 41. Nf3
Rcd6 42. Qe5 Kg8 43. Qxg5+ Rg6 44. Qd5+ Rde6 45. Nd4 Qf7 46. Nxe6 Rxe6 47. Qd8+
Re8 48. Qg5+ Kh8 49. Rd8 Rxd8 50. Qxd8+ 1-0

[Event "59581 I. Budapest Open"]
[Site "Budapest, Hungary"]
[Date "2011.08.26"]
[Round "7.24"]
[White "Horvath, Zoltan"]
[Black "Czimer, Jozsef"]
[Result "0-1"]
[WhiteElo "1513"]
[BlackElo "1750"]
[PlyCount "80"]
[EventDate "2011.??.??"]
 
1. e4 e5 2. Nf3 Nc6 3. Bb5 a6 4. Ba4 Nf6 5. O-O Be7 6. Re1 b5 7. Bb3 O-O 8. a4
Bb7 9. c3 d6 10. d3 Na5 11. Bc2 c5 12. c4 bxc4 13. dxc4 Nxc4 14. Nbd2 Na5 15.
Nf1 Qc7 16. Ng3 g6 17. h3 Rfe8 18. Nh2 Bf8 19. Ng4 Nxg4 20. Qxg4 Bg7 21. h4 Bc8
22. Qf3 Be6 23. h5 Qe7 24. Nh1 Nc6 25. Be3 Reb8 26. Rab1 Ba2 27. Qg3 Bxb1 28.
Rxb1 Rb7 29. hxg6 hxg6 30. Qg4 Rab8 31. b3 Na5 32. Qd1 Qe6 33. Ng3 Nxb3 34. Ne2
Nd4 35. Nc3 Nxc2 36. Qxc2 Qc4 37. Bd2 Rxb1+ 38. Kh2 R8b2 39. Qxb1 Rxb1 40. Nxb1
Qc2 0-1

[Event "59581 I. Budapest Open"]
[Site "Budapest, Hungary"]
[Date "2011.08.26"]
[Round "7.25"]
[White "Indig, Akos"]
[Black "Mihajlova, Diana"]
[Result "0-1"]
[WhiteElo "1373"]
[BlackElo "1443"]
[PlyCount "64"]
[EventDate "2011.??.??"]
 
1. e4 d5 2. exd5 Nf6 3. Nf3 Bg4 4. Bb5+ Nbd7 5. Nc3 a6 6. Ba4 b5 7. Bb3 Ne5 8.
d4 Nxf3+ 9. gxf3 Bh5 10. Bf4 Rb8 11. Qe2 g6 12. Be5 Bg7 13. Ne4 O-O 14. Rg1
Nxd5 15. Ng3 f6 16. Nxh5 gxh5 17. O-O-O Rc8 18. Rg2 c6 19. Rdg1 Rf7 20. Bxd5
Qxd5 21. Bf4 Kh8 22. Qe3 e6 23. Bh6 Rcc7 24. f4 Rce7 25. Qg3 Qd7 26. f5 Bxh6+
27. Kb1 Rg7 28. Qb8+ Re8 29. Rxg7 Bxg7 30. fxe6 Qxe6 31. Qf4 f5 32. Kc1 Bh6 0-1

[Event "59581 I. Budapest Open"]
[Site "Budapest, Hungary"]
[Date "2011.08.27"]
[Round "8.1"]
[White "Koczo, Kristof"]
[Black "Teglas, Balazs"]
[Result "0-1"]
[WhiteElo "2242"]
[BlackElo "2207"]
[PlyCount "74"]
[EventDate "2011.??.??"]
 
1. d4 c5 2. d5 e6 3. c4 exd5 4. cxd5 a6 5. e4 d6 6. a4 g6 7. Nc3 Bg7 8. Bd3 Nd7
9. Nf3 Ne5 10. Nxe5 Bxe5 11. f4 Bd4 12. Ne2 Bg4 13. Qc2 Bxe2 14. Qxe2 Qf6 15.
Rb1 Ne7 16. Be3 O-O 17. O-O Rae8 18. Bc4 Nf5 19. Bf2 Bxf2+ 20. Rxf2 Nd4 21. Qd3
b5 22. axb5 axb5 23. Bxb5 Nxb5 24. Qxb5 Rxe4 25. f5 g5 26. Qd3 Rfe8 27. Rbf1
Qd4 28. Qg3 h6 29. Qxd6 Re1 30. g3 R8e2 31. Kg2 Qe4+ (31... Rxf1 32. Rxe2 Rg1+
33. Kh3 (33. Kf3 g4#) 33... Qh4+ 34. gxh4 g4#) 32. Kh3 Rxf1 33. Qd8+ Kg7 34.
f6+ Kh7 35. Qe7 Qxe7 36. fxe7 Rfxf2 37. d6 h5 0-1

[Event "59581 I. Budapest Open"]
[Site "Budapest, Hungary"]
[Date "2011.08.27"]
[Round "8.2"]
[White "Farkas, Richard"]
[Black "Barabas, Attila"]
[Result "1-0"]
[WhiteElo "2039"]
[BlackElo "2001"]
[PlyCount "71"]
[EventDate "2011.??.??"]
 
1. e4 e5 2. Nf3 d6 3. d4 exd4 4. Nxd4 Nf6 5. Nc3 Be7 6. Be2 Bd7 7. O-O Nc6 8.
f4 O-O 9. Bf3 Nxd4 10. Qxd4 Bc6 11. Be3 Qd7 12. h3 Rfe8 13. Rad1 Rad8 14. Qxa7
b6 15. Qa6 Qe6 16. f5 Qe5 17. Bd4 Qg3 18. Qc4 d5 19. Qxc6 dxe4 20. Nxe4 Nxe4
21. Bxe4 Bd6 22. Rf3 Qh2+ 23. Kf2 Be7 24. f6 Bd6 25. c3 Re6 26. Qb7 c5 27. fxg7
Re7 28. Qc6 cxd4 29. cxd4 Rc7 30. Qb5 Be5 31. dxe5 Rdc8 32. Qe2 Rc5 33. Rg3
Rxe5 34. Bxh7+ Kxh7 35. Qxe5 Rc2+ 36. Kf3 1-0

[Event "59581 I. Budapest Open"]
[Site "Budapest, Hungary"]
[Date "2011.08.27"]
[Round "8.3"]
[White "Halak, Miklos"]
[Black "Palla, Akos Botond"]
[Result "1/2-1/2"]
[WhiteElo "2033"]
[BlackElo "1824"]
[PlyCount "66"]
[EventDate "2011.??.??"]
 
1. e4 c5 2. b3 d6 3. Nf3 Nc6 4. Bb5 Bd7 5. c3 Nf6 6. Qe2 a6 7. Bxc6 Bxc6 8. d3
e5 9. Nbd2 Be7 10. O-O O-O 11. d4 cxd4 12. cxd4 Qc7 13. Bb2 Bb5 14. Nc4 Bxc4
15. bxc4 Nd7 16. Rac1 f6 17. Rfd1 Rfc8 18. Rd2 exd4 19. Nxd4 Ne5 20. Rdc2 Qd7
21. f4 Nc6 22. Nf5 g6 23. Ne3 Nb4 24. Rd2 Nxa2 25. Rb1 Nb4 26. Bc3 a5 27. Bxb4
axb4 28. Nd5 Bd8 29. Rxb4 Ra4 30. Rdb2 Rxb4 31. Rxb4 Qc6 32. Qb2 Qc5+ 33. Kh1
b5 1/2-1/2

[Event "59581 I. Budapest Open"]
[Site "Budapest, Hungary"]
[Date "2011.08.27"]
[Round "8.4"]
[White "Szatmari, David"]
[Black "Kozma, Gabor"]
[Result "1-0"]
[WhiteElo "2021"]
[BlackElo "1927"]
[PlyCount "79"]
[EventDate "2011.??.??"]
 
1. d4 Nf6 2. Nf3 e6 3. Bf4 d5 4. e3 Bd6 5. Bxd6 Qxd6 6. c3 O-O 7. Nbd2 b6 8.
Ne5 c5 9. f4 Nfd7 10. Bd3 g6 11. Qg4 Qe7 12. h4 f5 13. Qg3 Nxe5 14. fxe5 Ba6
15. Bxa6 Nxa6 16. Nf3 Qg7 17. Ng5 Nc7 18. O-O-O a5 19. h5 h6 20. hxg6 Qxg6 21.
Rxh6 Qxh6 22. Nxe6+ Kh8 23. Nxc7 Rg8 24. Qf3 Ra7 25. Nxd5 Rag7 26. Nf6 Rg3 27.
Nxg8 Qg5 28. Rh1+ Kxg8 29. Qa8+ Kg7 30. Qb7+ Kg8 31. Qh7+ Kf8 32. Qh6+ Qxh6 33.
Rxh6 Rxg2 34. Rxb6 Re2 35. Rf6+ Ke7 36. Rxf5 Rxe3 37. dxc5 Ke6 38. c6 Re4 39.
Rh5 Rc4 40. Kc2 1-0

[Event "59581 I. Budapest Open"]
[Site "Budapest, Hungary"]
[Date "2011.08.27"]
[Round "8.5"]
[White "Ruck, Robert"]
[Black "Rajcsanyi, Peter"]
[Result "1/2-1/2"]
[WhiteElo "1930"]
[BlackElo "1896"]
[PlyCount "61"]
[EventDate "2011.??.??"]
 
1. e4 c6 2. d4 d5 3. Nc3 b5 4. exd5 b4 5. Ne4 cxd5 6. Nc5 e6 7. Bb5+ Bd7 8.
Nxd7 Nxd7 9. Nf3 Bd6 10. O-O h6 11. Re1 Ngf6 12. Ne5 Qc7 13. g3 O-O 14. Bf4
Rab8 15. Bd3 g5 16. Nxd7 Qxd7 17. Be5 Bxe5 18. dxe5 Nh7 19. Qh5 Kg7 20. h4 Rh8
21. Kg2 Qe8 22. Bxh7 Rxh7 23. hxg5 Qe7 24. gxh6+ Rxh6 25. Qg4+ Rg6 26. Qd4 Rc8
27. Re2 Rc4 28. Qd3 Qc7 29. a3 a5 30. axb4 axb4 31. Ra4 1/2-1/2

[Event "59581 I. Budapest Open"]
[Site "Budapest, Hungary"]
[Date "2011.08.27"]
[Round "8.6"]
[White "Farkas, Laszlo"]
[Black "Torok, Tamas Titusz"]
[Result "0-1"]
[WhiteElo "1911"]
[BlackElo "2059"]
[PlyCount "178"]
[EventDate "2011.??.??"]
 
1. d4 d5 2. Nf3 Nc6 3. b3 Nf6 4. Bb2 e6 5. g3 Bd6 6. Nbd2 Ne4 7. e3 O-O 8. Bd3
f5 9. a3 Qf6 10. Rc1 Qe7 11. Nb1 Nd8 12. c4 c6 13. Ne5 Nf7 14. f4 Bd7 15. Qf3
Rac8 16. Nxd7 Qxd7 17. c5 Be7 18. Rc2 b6 19. b4 a5 20. Bxe4 fxe4 21. Qe2 axb4
22. axb4 Nh6 23. O-O b5 24. Bc3 Ra8 25. Be1 Ra4 26. g4 g6 27. h3 Rfa8 28. Nc3
Ra3 29. Nd1 Qa7 30. Kg2 Qa4 31. Rb2 Ra1 32. Nc3 Qa3 33. Qd2 Qa7 34. Kg3 Qc7 35.
Kg2 Qd8 36. Qf2 R8a3 37. Bd2 Ra7 38. Rfb1 R1a3 39. Qf1 Bf8 40. Ne2 Bg7 41. Ng3
Rf7 42. Ra1 Qa8 43. Rbb1 Ra2 44. Rxa2 Qxa2 45. Rd1 e5 46. dxe5 Bxe5 47. Qe2 Bg7
48. Bc3 Qb3 49. Bxg7 Rxg7 50. Qe1 Ra7 51. Rd4 Ra2+ 52. Kh1 Qb2 53. Qg1 Ra1 54.
Rd1 Rxd1 55. Qxd1 Qxb4 56. Qc1 Nf7 57. Ne2 Qc4 58. Qxc4 dxc4 59. Kg1 Nd8 60.
Kf1 Ne6 61. Ke1 Kf7 62. Kd2 b4 63. h4 Ke7 64. Ng3 Nxc5 65. f5 gxf5 66. Nxf5+
Ke6 67. Nd4+ Kd5 68. Ne2 Ne6 69. Ng3 Ke5 70. g5 c5 71. Kc2 Ng7 72. h5 Nf5 73.
Nf1 Nd6 74. Ng3 Ke6 75. Kd2 Ke5 76. Kc2 Nf5 77. Nf1 Kd5 78. Kd2 c3+ 79. Kc2 Kc4
80. h6 b3+ 81. Kc1 Kd3 82. g6 Nxh6 83. gxh7 Nf7 84. Ng3 Kxe3 85. Nf5+ Kf3 86.
Nh4+ Kf2 87. Ng6 e3 88. Ne5 Nxe5 89. h8=Q Nd3+ 0-1

[Event "59581 I. Budapest Open"]
[Site "Budapest, Hungary"]
[Date "2011.08.27"]
[Round "8.7"]
[White "Szentgyorgyi, Sandor"]
[Black "Mester, Attila"]
[Result "0-1"]
[WhiteElo "1862"]
[BlackElo "2119"]
[PlyCount "56"]
[EventDate "2011.??.??"]
 
1. e4 Nf6 2. e5 Nd5 3. d4 d6 4. c4 Nb6 5. f4 dxe5 6. fxe5 Nc6 7. Be3 Bf5 8. Nf3
e6 9. Be2 Be7 10. O-O O-O 11. Nc3 f6 12. exf6 Bxf6 13. d5 Ne5 14. Qb3 Nxf3+ 15.
Bxf3 Be5 16. g3 Bd3 17. Be2 Rxf1+ 18. Rxf1 Bxe2 19. Nxe2 exd5 20. Bxb6 axb6 21.
cxd5 Qd6 22. Kg2 Rd8 23. Rd1 Kh8 24. Qb5 h5 25. h3 Qg6 26. Qc4 b5 27. Nf4 Qxg3+
28. Kxg3 bxc4 0-1

[Event "59581 I. Budapest Open"]
[Site "Budapest, Hungary"]
[Date "2011.08.27"]
[Round "8.8"]
[White "Yip, Michael"]
[Black "Lakat, Gyula"]
[Result "1-0"]
[WhiteElo "1982"]
[BlackElo "1859"]
[PlyCount "63"]
[EventDate "2011.??.??"]
 
1. Nf3 c5 2. c4 Nf6 3. Nc3 e6 4. d4 cxd4 5. Nxd4 a6 6. g3 Nc6 7. Bg2 Qc7 8. O-O
Nxd4 9. Qxd4 Qc5 10. Qd3 Be7 11. Na4 Qa5 12. b3 O-O 13. Be3 d6 14. Nb6 Rb8 15.
a3 Qf5 16. Qxf5 exf5 17. Nxc8 Rbxc8 18. Bxb7 Rb8 19. Bxa6 Rxb3 20. Rfb1 Rfb8
21. Rxb3 Rxb3 22. Bb5 d5 23. a4 dxc4 24. Bxc4 Rb4 25. Bd3 g6 26. a5 Rb8 27. a6
Nd5 28. a7 Ra8 29. Bd4 Nc7 30. Rb1 f6 31. Bc4+ Kg7 32. Rb8 1-0

[Event "59581 I. Budapest Open"]
[Site "Budapest, Hungary"]
[Date "2011.08.27"]
[Round "8.9"]
[White "Mihaly, Zoltan"]
[Black "Markos, Adam"]
[Result "0-1"]
[WhiteElo "1745"]
[BlackElo "1942"]
[PlyCount "78"]
[EventDate "2011.??.??"]
 
1. c4 c6 2. d4 d5 3. Nc3 Nf6 4. cxd5 cxd5 5. g3 Nc6 6. Bg2 Bf5 7. a3 e6 8. Nf3
h6 9. O-O Rc8 10. Bf4 Bd6 11. Bxd6 Qxd6 12. Qa4 O-O 13. Nb5 Qd7 14. Qd1 a6 15.
Ne5 Qe7 16. Nxc6 Rxc6 17. Nc3 Rfc8 18. Qd2 Ne8 19. Qe3 Qc7 20. Bxd5 Rxc3 21.
bxc3 exd5 22. Rfc1 Nd6 23. Qf4 Bg6 24. f3 Nc4 25. Qxc7 Rxc7 26. Re1 Ne3 27.
Rec1 Nc2 28. Ra2 Nxd4 29. Kf2 Nb5 30. Ke3 d4+ 31. Kf2 Nxc3 32. Raa1 b5 33. Ke1
Re7 34. e4 f5 35. Kd2 fxe4 36. fxe4 Nxe4+ 37. Kd1 Nc3+ 38. Rxc3 dxc3 39. Rc1
c2+ 0-1

[Event "59581 I. Budapest Open"]
[Site "Budapest, Hungary"]
[Date "2011.08.27"]
[Round "8.10"]
[White "Farkas, Akos"]
[Black "Pammer-Zagroczky, Gabor"]
[Result "1/2-1/2"]
[WhiteElo "1683"]
[BlackElo "1937"]
[PlyCount "122"]
[EventDate "2011.??.??"]
 
1. e4 c5 2. Nf3 e6 3. d4 cxd4 4. Nxd4 Nc6 5. c4 Nf6 6. Nxc6 bxc6 7. Bd3 Bb4+ 8.
Bd2 Bxd2+ 9. Nxd2 Qa5 10. O-O O-O 11. Re1 e5 12. Nb3 Qa4 13. c5 Rb8 14. Qf3 Ba6
15. Bxa6 Qxa6 16. Qc3 Rfe8 17. Nd2 Qb5 18. Rab1 Qb4 19. Re3 Rb5 20. Qxb4 Rxb4
21. b3 Reb8 22. Rc1 Ne8 23. Nc4 f6 24. Rd3 R8b7 25. Rcd1 Nc7 26. Rxd7 Ne6 27.
Rxb7 Rxb7 28. Nd6 Rb4 29. Rc1 Rd4 30. Nf5 Rxe4 31. Ne7+ Kf8 32. Nxc6 Nxc5 33.
f3 Nd3 34. Rd1 Re1+ 35. Rxe1 Nxe1 36. Nxa7 Nd3 37. Nc6 Ke8 38. a3 Kd7 39. Na5
Kd6 40. Kf1 Kd5 41. g3 Nc5 42. Ke2 g5 43. b4 Ne6 44. Nb3 f5 45. Kd3 h5 46. h3
h4 47. gxh4 gxh4 48. b5 Nf4+ 49. Ke3 Kc4 50. Nd2+ Kxb5 51. a4+ Kc5 52. a5 Nxh3
53. a6 Nf4 54. a7 Nd5+ 55. Kf2 Nc7 56. Ke3 Kd5 57. Nf1 Kc6 58. Kf2 Kb7 59. Kg2
Nb5 60. Kh3 Nd4 61. Nd2 Nxf3 1/2-1/2

[Event "59581 I. Budapest Open"]
[Site "Budapest, Hungary"]
[Date "2011.08.27"]
[Round "8.11"]
[White "Kellerwessel, Ralf"]
[Black "Krstulovic, Alex"]
[Result "0-1"]
[WhiteElo "1863"]
[BlackElo "1597"]
[PlyCount "156"]
[EventDate "2011.??.??"]
 
1. f4 e5 2. fxe5 d6 3. exd6 Bxd6 4. Nf3 g5 5. g3 g4 6. Nh4 Ne7 7. Nc3 Ng6 8.
Nxg6 hxg6 9. Ne4 Bf5 10. Nxd6+ Qxd6 11. d3 Nc6 12. c3 O-O-O 13. Bg2 Rxh2 14.
Bf4 Rxh1+ 15. Bxh1 Qf8 16. Qa4 Qc5 17. O-O-O Nd4 18. Re1 Nb5 19. Bd2 Rd6 20. c4
Nd4 21. Qe8+ Rd8 22. Qxf7 Qe5 23. Bf4 Qa5 24. Kd1 Ne6 25. Bd5 Nxf4 26. gxf4
Qxa2 27. Qf6 Qb3+ 28. Kc1 Qb6 29. Qxb6 axb6 30. e4 Bd7 31. Bf7 Rf8 32. Bxg6
Rxf4 33. e5 Be6 34. Kd2 g3 35. Re2 Kd8 36. Ke3 Rg4 37. Be4 Rg5 38. Kf4 Rg4+ 39.
Kf3 c6 40. b3 Rg5 41. d4 Bh3 42. Kf4 g2 43. Bxg2 Rxg2 44. Re1 Be6 45. Rd1 Ke7
46. Ke4 Rg3 47. Rb1 Rg4+ 48. Ke3 Bf5 49. Rb2 Re4+ 50. Kd3 Rxe5+ 51. Kc3 Re3+
52. Kb4 Re4 53. Rd2 Rxd4 54. Rxd4 c5+ 55. Kc3 cxd4+ 56. Kxd4 Kd6 57. b4 Be6 58.
Kc3 Kc6 59. Kd4 b5 60. c5 b6 61. cxb6 Kxb6 62. Ke5 Bg8 63. Kd6 Bf7 64. Kd7 Bh5
65. Kd6 Bg4 66. Kd5 Kc7 67. Ke5 Kc6 68. Ke4 Kd6 69. Kd4 Bf5 70. Kc3 Kd5 71. Kb3
Kd4 72. Kb2 Kc4 73. Ka3 Be6 74. Ka2 Kxb4+ 75. Kb2 Bf5 76. Ka2 Kc3 77. Ka1 b4
78. Ka2 b3+ 0-1

[Event "59581 I. Budapest Open"]
[Site "Budapest, Hungary"]
[Date "2011.08.27"]
[Round "8.12"]
[White "Kalmar, Karoly"]
[Black "Medve, Mark"]
[Result "0-1"]
[WhiteElo "2023"]
[BlackElo "1635"]
[PlyCount "60"]
[EventDate "2011.??.??"]
 
1. d4 Nf6 2. c4 c5 3. Nf3 e6 4. Nc3 d5 5. Bg5 cxd4 6. Nxd4 dxc4 7. Qa4+ Bd7 8.
Qxc4 Nc6 9. e4 Be7 10. Be2 O-O 11. Nb3 Rc8 12. Qd3 Nb4 13. Qb1 Qc7 14. Be3 Nxe4
15. Qxe4 Bc6 16. Qb1 Bxg2 17. Rg1 Bh3 18. a3 Qxh2 19. f3 Bf5 20. axb4 Bxb1 21.
Rxb1 Bxb4 22. Rc1 a5 23. Kf1 f6 24. Rg2 Qh3 25. Kf2 Qh4+ 26. Kg1 f5 27. Bd4 Rf7
28. Be5 a4 29. Rh2 Qg5+ 30. Rg2 Qe3+ 0-1

[Event "59581 I. Budapest Open"]
[Site "Budapest, Hungary"]
[Date "2011.08.27"]
[Round "8.13"]
[White "Zsembery, Aron"]
[Black "Kozak, Adam"]
[Result "0-1"]
[WhiteElo "1856"]
[BlackElo "1809"]
[PlyCount "130"]
[EventDate "2011.??.??"]
 
1. e4 c5 2. Nf3 e6 3. c4 Nc6 4. Nc3 a6 5. Be2 Qc7 6. O-O Nf6 7. a3 Be7 8. d4
cxd4 9. Nxd4 d6 10. Be3 O-O 11. Rc1 Nxd4 12. Bxd4 b6 13. Qd2 Bb7 14. f3 Rac8
15. Rc2 Rfd8 16. Rfc1 Ba8 17. Qe3 Nd7 18. b4 Bf6 19. Bxf6 Nxf6 20. Bd3 Qc6 21.
Ne2 Qb7 22. Nd4 Nd7 23. Nb3 Ne5 24. Bf1 Qb8 25. c5 bxc5 26. bxc5 Qa7 27. Qf2 d5
28. Qg3 Qb8 29. Bxa6 Rc6 30. Bf1 dxe4 31. fxe4 Rcc8 32. Nd2 f6 33. Qf4 Qa7 34.
Kh1 Qxa3 35. Nc4 Nxc4 36. Bxc4 Re8 37. Rc3 Qa7 38. Qd6 Rc6 39. Qf4 Kh8 40. Bb5
Rd8 41. Bxc6 Bxc6 42. Rb3 e5 43. Qf5 Qa4 44. Qh3 Qxe4 45. Rcb1 h6 46. Qf3 Qxb1+
47. Rxb1 Bxf3 48. gxf3 Rc8 49. Rc1 Rc6 50. Kg2 Kg8 51. Kf2 Kf7 52. Ke3 Ke6 53.
Rg1 g5 54. h4 Rxc5 55. hxg5 hxg5 56. Ra1 Kf5 57. Ra4 Rc3+ 58. Kf2 Rd3 59. Ra6
Rd7 60. Ke3 Re7 61. Ra4 Rh7 62. Kf2 Rh4 63. Ra6 g4 64. fxg4+ Rxg4 65. Ra8 Kf4
0-1

[Event "59581 I. Budapest Open"]
[Site "Budapest, Hungary"]
[Date "2011.08.27"]
[Round "8.14"]
[White "Szoukup, Istvan"]
[Black "Sarkozi, Ferenc"]
[Result "0-1"]
[WhiteElo "1825"]
[BlackElo "1939"]
[PlyCount "60"]
[EventDate "2011.??.??"]
 
1. e4 c6 2. d4 d5 3. Nc3 dxe4 4. Nxe4 Nf6 5. Nxf6+ exf6 6. Nf3 Bf5 7. Bd3 Bxd3
8. Qxd3 Bd6 9. Qe2+ Qe7 10. Qxe7+ Kxe7 11. O-O g5 12. Re1+ Kf8 13. a4 Nd7 14.
b3 Kg7 15. Bb2 Kg6 16. Rad1 Rhe8 17. Rxe8 Rxe8 18. Re1 Rxe1+ 19. Nxe1 Kf5 20.
f3 b5 21. g4+ Ke6 22. c4 bxc4 23. bxc4 Nb6 24. c5 Nxa4 25. Ba1 Bc7 26. Nd3 Ba5
27. Kf2 Nc3 28. Ke3 Kd5 29. Nb2 Nb5 30. Kd3 Bc3 0-1